000 00621 a2200193 4500
008 231023b ||||| |||| 00| 0 eng d
020 _a9781119668176
050 _aTS155
_b.R45 2020
100 _aReid, R. Dan
245 _aOperations management :
_ban integrated approach /
_cR. Dan Reid, Nada R. Sanders.
250 _a Eighth Edition.
260 _bWiley
_c2020
_aHoboken, NJ :
300 _axxii,63o p. ;
_c32 cm.
500 _a Revised edition of the authors' Operations management, 2019.
500 _a Includes index.
650 _aProduction management.
700 _aSanders, Nada R.,
942 _cBK
_2lcc
999 _c58761
_d58761